Exploring New Horizons and Challenges for Social Studies in a New Normal (Record no. 28120)
[ view plain ]
| 000 -LEADER | |
|---|---|
| fixed length control field | 00639nam a2200121Ia 4500 |
| 008 - FIXED-LENGTH DATA ELEMENTS--GENERAL INFORMATION | |
| fixed length control field | 220620s9999||||xx |||||||||||||| ||und|| |
| 245 #0 - TITLE STATEMENT | |
| Title | Exploring New Horizons and Challenges for Social Studies in a New Normal |
| Remainder of title | Proceedings of the International Conference on Social Studies and Educational Issues, (ICOSSEI 2021), Malang City, Indonesia, 7 July 2021 |
| 546 ## - LANGUAGE NOTE | |
| Language note | English[eng] |
| 650 ## - SUBJECT ADDED ENTRY--TOPICAL TERM | |
| Topical term or geographic name entry element | Covid 19||child education||online learning |
| 700 ## - ADDED ENTRY--PERSONAL NAME | |
| Personal name | Purnomo, Agus||Sismat, Muhamad Alif Haji||Isma’il, Zawawi||Sringernyuang, Luechai |
| 856 ## - ELECTRONIC LOCATION AND ACCESS | |
| Uniform Resource Identifier | <a href="https://library.oapen.org/bitstream/20.500.12657/54270/1/9781000628852.pdf">https://library.oapen.org/bitstream/20.500.12657/54270/1/9781000628852.pdf</a> |
| 942 ## - ADDED ENTRY ELEMENTS (KOHA) | |
| Koha item type | E-Books |
| Withdrawn status | Lost status | Damaged status | Not for loan | Home library | Current library | Date acquired | Total Checkouts | Date last seen | Price effective from | Koha item type |
|---|---|---|---|---|---|---|---|---|---|---|
| Kerala University of Digital Sciences, Innovation and Technology Knowledge Centre | Kerala University of Digital Sciences, Innovation and Technology Knowledge Centre | 20/06/2022 | 20/06/2022 | 20/06/2022 | E-Books |